000 00708nam a2200253Ia 4500
003 OSt
005 20220918164329.0
006 a|||||r|||| 00| 0
007 ta
008 220917b |||||||| |||| 00| 0 eng d
020 _a0521554306 (hbk)
024 _a170,335
037 _cTextual
040 _aARTS
_cARTS
_beng
041 _2eng
_aeng
082 _aR44Z, P1
245 0 _aObjectivity in law and morals edited by Brian Leiter
260 _aCambridge
_bCambridge University of Press
_c2001
300 _axi, 354p.
_ccm.
490 _aCambridge studies in philosophy and law
650 _aPROFESSIONAL ETHICS
_913764
942 _hR44Z, P1
_cTEXL
_2CC
999 _c124282
_d124282